Statistiques concernant 10 plus grands pays africains

Cliquez ici pour prendre le quiz!

Statistiques générales

  • Ce quiz a été pris 12,498 fois
  • Le résultat moyen est 8 sur 10

Statistiques - réponses

km2 Pays % Correct
2 381 741Algérie
98%
2 344 858RD du Congo
96%
1 221 037Afrique du Sud
95%
1 886 068Soudan
88%
1 267 000Niger
85%
1 240 192Mali
83%
1 759 540Libye
82%
1 284 000Tchad
79%
1 104 300Éthiopie
73%
1 246 700Angola
71%

Distribution des résultats

Percentile par nombre de réponses

% des personnes avec chaque résultat

Votre développement - résultats

Vous n’avez pas pris ce quiz